| 000 | 00559nam a22001937a 4500 | ||
|---|---|---|---|
| 003 | LK-CoMWRAF | ||
| 005 | 20231214122945.0 | ||
| 008 | 231214b |||||||| |||| 00| 0 eng d | ||
| 020 | _a9559170120 | ||
| 040 |
_aLK-CoMWRAF _dLK-CoMWRAF _eLK-CoMWRAF |
||
| 041 | _asin | ||
| 082 |
_a954.87 _bPAR |
||
| 100 | _aපරණවිතාන, සෙනරත් | ||
| 245 | _aසිංහලයෝ | ||
| 246 | _aSinhalayoo | ||
| 260 |
_aකොළඹ : _bවිසිඳනු, _c1999 |
||
| 650 | _aසිංහලයන්ගේ ඉතිහාසය | ||
| 942 | _cBK | ||
| 999 |
_c4448 _d4448 |
||